000 00408nam a2200181Ia 4500
001 1953
005 20260306143806.0
008 260306t2009||||xx |||||||||||||| ||spa||
041 _aESP
082 _a158.4
_bE92
100 _aEstiarte, Manel
_eAUT
245 0 _aTodos mis hermanos
260 _c2009
300 _a286 páginas :
_c22 cm.
650 _aGEN
654 _aCPS
942 _cLIB
_dJUS
_fJUS
_2ddc
_n
999 _c1953
_d1953